00421nam a2200181Ia 4500003000400000008004100004040001600045082001300061100001800074245003000092260003600122300001000158490002400168650001200192650000900204650001300213650001300226GCL140319s9999 xx 000 0 eng d aGCL / cGCL04a759bS L1 aSUTTON, DENYS10aLAUTREC / cSUTTON, DENYS a[S.N] : bSPRING BOOK ، c1962 a48 PP aSPRING ART BOOKSv004aLAUTREC04aARTS04aPAINTING04aPAINTERS